00330nam a2200121Ia 4500008004100000041000800041082001500049100001800064245004500082260004200127300003000169365000900199240624s9999 xx 000 0 und d aeng a658.15 FAT aFATER DAVID H aESSENTIALS OF CORPORATE AND CAPITAL FORM c2010aNew JerseybJohn Wiley and Sons axx, : 331 : p. : cm. ; 22 cb30